Normal view
MARC view
- Cannon, David L.
Entry Personal Name
001 - CONTROL NUMBER
- control field: 114212
003 - CONTROL NUMBER IDENTIFIER
- control field: NUST
005 - DATE AND TIME OF LATEST TRANSACTION
- control field: 20230819132030.0
008 - FIXED-LENGTH DATA ELEMENTS
- fixed length control field: 230819|| aca||aabn | a|a d
040 ## - CATALOGING SOURCE
- Original cataloging agency: NUST
- Transcribing agency: NUST
100 ## - HEADING--PERSONAL NAME
- Personal name: Cannon, David L.
670 ## - SOURCE DATA FOUND
- Source citation: Work cat.: (NUST)190823: Cannon, David L.,, CISA--Certified Information Systems Auditor : (Include CD), c2006.
